000 00719cpmaa2200229 4500
001 mm 79000438
003 DLC
005 20260227111631.0
008 790226|||||||||||| eng
010 _amm 79000438
040 _aDLC
_cDLC
_edacs
_dDLC
072 7 _aW
_2lcmd
100 1 _aCarter, R. R.
245 0 0 _aCarter family tree,
_f1896.
300 _a1
_fitem.
506 0 _aOpen to research.
533 _aNegative photocopy.
_b[S.l.].
546 _aCollection material in English.
580 _aForms part of: Miscellaneous Manuscripts collection.
600 3 0 _aCarter family.
999 _c40382
_d40382